00316nam a2200133Ia 4500008004100000020001500041041001200056100001500068245003900083250000800122260003400130300000800164650001000172221030s9999 xx 000 0 und d a0750680776 aEnglish aF. G. Bell 0aEngineering Geologycby F. G. Bell a2nd bElsevier PubaNew Delhic2012 a581 aCivil